00490nam a2200181Ia 4500001000900000003000500009005001700014008004100031010001100072040000900083082001500092100002500107245005900132260004400191300001000235500001300245600005000258dia_2507CHAP20240125133854.0220117s2002 xx 000 0 und d a173029 cCHAP a576.163 R6 aRobinson, Richard K. aDairy Microbiology Handbook /c By Richard K. Robinson aNew York :b John Wiley And Sons,c2002 a765 P aI.217486 a1.Microbiología-Alimento/ 2.Microbiología